000 01173cam a22003497a 4500
003 CHAP
005 20220817043026.0
008 050525s1988 mx r 00010 spa d
010 _a63150
011 _a64122
035 _a69275
040 _cCHAP
082 0 4 _a660.6
_bA7
100 0 0 _aArroyo, Gonzalo
_ecoor.
_97549
245 1 0 _aBiotecnología
_b: una salida para la crisis agroalimentaria?/ coor. por Gonzalo Arroyo
260 _aMéxico, D. F. :
_bPlaza y Valdes,
_c1998
300 _a391 p.
_b: gráfs.
490 0 _aAgricultura y economía
590 _aBATCH-UPD
_b10
_c20130110
_lUCH01
_h0312
590 _aBATCH-UPD
_b10
_c20130110
_lUCH01
_h1636
590 _aBATCH-UPD
_b10
_c20130409
_lUCH01
_h2344
590 _aBATCH-UPD
_b10
_c20130913
_lUCH01
_h2159
590 _aBATCH-UPD
_b10
_c20130914
_lUCH01
_h2134
590 _aCONVERSION
_b10
_c20130109
_lUCH01
_h1334
650 1 4 _aAgricultura
_xInnovaciones tecnológicas.
_91565
650 1 4 _aAlimentos
_xAbastecimiento.
650 1 4 _aBiotecnología.
_912878
830 0 _aAgricultura y economía
_92034
901 _aBK
942 _cLIBRO
949 _a660.6 A7
_bBC
_cLIBRO
_d33724000948626
_eLIBRO
_h105820
_i69275
_sb
999 _c63150
_d63150